Library Banner

McCracken's removable partial prosthodontics / (Record no. 137352)

MARC details
000 -LEADER
fixed length control field 00521nam a22001817a 4500
005 - DATE AND TIME OF LATEST TRANSACTION
control field 20250423103529.0
008 - FIXED-LENGTH DATA ELEMENTS--GENERAL INFORMATION
fixed length control field 250423b |||||||| |||| 00| 0 eng d
020 ## - INTERNATIONAL STANDARD BOOK NUMBER
International Standard Book Number 9780323339902
040 ## - CATALOGING SOURCE
Transcribing agency PK-LaUMT
082 ## - DEWEY DECIMAL CLASSIFICATION NUMBER
Classification number 617.692
Item number CAR-M
100 ## - MAIN ENTRY--PERSONAL NAME
Personal name Carr, Alan B.
245 ## - TITLE STATEMENT
Title McCracken's removable partial prosthodontics /
Statement of responsibility, etc by Alan B. Carr and David T. Brown
250 ## - EDITION STATEMENT
Edition statement 13th ed.
260 ## - PUBLICATION, DISTRIBUTION, ETC. (IMPRINT)
Place of publication, distribution, etc Missouri :
Name of publisher, distributor, etc Elsevier,
Date of publication, distribution, etc 2016
300 ## - PHYSICAL DESCRIPTION
Extent 375 p.
650 ## - SUBJECT ADDED ENTRY--TOPICAL TERM
Topical term or geographic name as entry element Partial dentures, removable
942 ## - ADDED ENTRY ELEMENTS (KOHA)
Koha item type Books
Holdings
Withdrawn status Lost status Damaged status Home library Current library Date acquired Full call number Barcode Date last seen Price effective from Koha item type Copy number
      UMT Health Sciences Campus UMT Health Sciences Campus 2025-04-23 617.692 CAR-M 149385 2025-04-23 2025-04-23 Books  
      UMT Health Sciences Campus UMT Health Sciences Campus 2025-04-23 617.692 CAR-M 149386 2025-04-23 2025-04-23 Books C.2